| 000 | 01212nam a2200301Ia 4500 | ||
|---|---|---|---|
| 003 | OSt | ||
| 005 | 20220930190104.0 | ||
| 006 | a|||||r|||| 00| 0 | ||
| 007 | ta | ||
| 008 | 220926b |||||||| |||| 00| 0 kan d | ||
| 020 | _c75 | ||
| 024 | _a92808 | ||
| 037 |
_b533, 19/03/2009, Vani Prakashan _cTextbook |
||
| 040 |
_aCRL _cCRL _bkan |
||
| 041 |
_2kan _akan |
||
| 082 | _aO33,1M84w, 152M2 | ||
| 100 |
_aराव, ए. एन. मूर्ति _9558599 |
||
| 245 | 0 | _aबी. एम. श्रीकंठय्य, अनु0 गिरधर राठी | |
| 246 | _aTukārāma | ||
| 250 | _aद्वितीय संस्करण | ||
| 260 |
_aनई दिल्ली, _bसाहित्य अकादेमी, भारत _c1982 |
||
| 300 |
_a58पृ0 _ccm. |
||
| 490 | _aभारतीय साहित्य के निर्माता | ||
| 650 | _aकन्नड़ साहित्य | ||
| 700 | _a राठी, गिरधर, अनु. | ||
| 942 |
_hO33,1M84w, 152M2 _cTB _2CC |
||
| 999 |
_c891611 _d891611 |
||